000 00368nam a22001217a 4500
008 161031b xxu||||| |||| 00| 0 eng d
050 _aJA26.J68(2001 Vol.79)
245 _aPulic administration :
_b Internatiobal quarterly . /
_c edited by R.A.W Rhodes .
250 _aVol.79.
260 _aLondon .:
_bBlacknell Pub:
_c2001
300 _a976 p.
_c24 cm.
942 _2lcc
_cBK
999 _c6067
_d13567